000 00400cam a22001337a 4500
008 180718b1978 xxu||||| |||| 00| 0 eng d
082 _aF5x54 In2v
100 _aIndia. Vimadalal Commission of Inquiry
245 _aVimadalal Commission of Inquiry: first report
260 _aBombay
_bThe author
_c1978
300 _a106+p.
500 _aChairman: J.R. Vimadalal
700 _aVimadalal, J.R., Chairman
999 _c489244
_d489244